000 00862nam a2200277Ia 4500
003 OSt
005 20220918171005.0
006 a|||||r|||| 00| 0
007 ta
008 220917b |||||||| |||| 00| 0 eng d
020 _a97811138282117 (pbk)
_cUKP 36.99
024 _a325,170
037 _b1478, 29/01/2018, Bright Book Service
_cTextual
040 _aARTS
_cARTS
_beng
041 _2eng
_aeng
082 _aS8, Q8
100 _aFrey Kurt P. Au.
_932923
245 0 _aExperiements with people
_b revelation from social psychology
250 _a2nd
260 _aNew York
_bRoutledge USA
_c2018
300 _avi,266p.
_ccm.
650 _aSOCIAL PSYCHOLOGY
700 _a Gregg Aiden P. Au.
_932924
942 _hS8, Q8
_cTEXL
_2CC
999 _c137138
_d137138